Tilastot visalle Aasian maat kartalla

Klikkaa tästä pelataksesi tätä visaa!

Yleistilastot

  • Tätä visaa on pelattu 1 105 kertaa
  • Keskiarvotulos 34 / 48

Vastaukset kartalla

Vastauksille on annettu kartalla punavihreä väri sen mukaan, kuinka moni on saanut sen oikein.
Ladataan ...
 

Vastaustilastot

Vastaus% Oikein
Kiina
96%
Etelä-Korea
93%
Mongolia
93%
Japani
92%
Intia
91%
Pohjois-Korea
90%
Indonesia
88%
Filippiinit
84%
Sri Lanka
83%
Saudi-Arabia
82%
Turkki
81%
Taiwan
81%
Nepal
79%
Thaimaa
78%
Irak
77%
Malediivit
77%
Vietnam
76%
Kypros
76%
Kazakstan
75%
Pakistan
75%
Malesia
75%
Bangladesh
74%
Oman
74%
Myanmar
73%
Laos
71%
Singapore
71%
Iran
71%
Itä-Timor
68%
Jemen
68%
Yhdistyneet
arabiemiirikunnat
68%
Israel
67%
Afganistan
67%
Kambodža
67%
Bhutan
66%
Syyria
65%
Kuwait
61%
Libanon
61%
Azerbaidžan
61%
Qatar
60%
Armenia
60%
Jordania
59%
Brunei
59%
Uzbekistan
57%
Georgia
55%
Bahrain
54%
Kirgisia
54%
Tadžikistan
51%
Turkmenistan
50%

Tulosjakauma

Persentiili vastausten määrän mukaan

Jokaisen tuloksen saaneiden osuus

Tuloshistoriasi

Et ole pelannut tätä visaa